00645nam a2200217 a 45000010010000000030011000100080041000210350026000620820013000881000023001012450030001242500020001542600048001746500019002228560043002419420012002849520090002969900006003869980020003929990015004120000-8990ELIB.Books110520 1961  a(ELIB.Books)0000-9139 a69 bNea aNeal, Harry Edward aTreasures by the Millions aStudent Edition bNew York: Fawcett Publications, Inc. c1961 aMuseum Science nK.B.T.S LibraryuK.B.T.S Library ELIB. 2ddccBK 00102ddc4070aKBTSbKBTSd2011-05-20l0p1186r2022-01-22 00:00:00w2022-01-22yBK a1 cbate2011-05-20 c8990d8990